[Event "Buenos Aires Martin Sciorra 1st"]
[Site "Buenos Aires"]
[Date "2019.10.15"]
[Round "4.2"]
[White "Gerola, Pablo"]
[Black "Migliavacca, Carlos"]
[Result "1-0"]
[WhiteElo "2103"]
[BlackElo "1952"]
[PlyCount "64"]
[EventDate "2019.10.03"]
[EventType "swiss"]
[EventRounds "6"]
[EventCountry "ARG"]
[SourceTitle "EXT 2024"]
[Source "ChessBase"]
[SourceDate "2023.10.10"]
[SourceVersion "1"]
[SourceVersionDate "2023.10.10"]
[SourceQuality "1"]

1. d4 Nf6 2. Nf3 g6 3. c3 d5 4. Bf4 Bg7 5. e3 0-0 6. h3 Nbd7 7. Nbd2 c6 8. Be2 Re8 9. 0-0 Ne4 10. Nxe4 dxe4 11. Nd2 f5 12. Qb3+ Kh8 13. Rad1 Qb6 14. Nc4 Qxb3 15. axb3 b5 16. Na5 e5 17. dxe5 Nxe5 18. Bxe5 Bxe5 19. Nxc6 Bf6 20. Bxb5 Re6 21. Nd4 Rb6 22. Bc4 a5 23. Ra1 a4 24. b4 Bd7 25. Rfd1 Kg7 26. Nc2 Ra7 27. Na3 Rc7 28. Bf1 Kf7 29. Rd2 Be6 30. Be2 Rb8 31. Bd1 Rxc3 32. Rd6 Rd3 1-0

[Event "Moron Philidor CC A 6th"]
[Site "Moron"]
[Date "2019.02.14"]
[Round "5.7"]
[White "Larsen, Alfonso Diego"]
[Black "Migliavacca, Carlos"]
[Result "1-0"]
[WhiteElo "2032"]
[BlackElo "1984"]
[PlyCount "73"]
[EventDate "2019.01.31"]
[EventType "swiss"]
[EventRounds "5"]
[EventCountry "ARG"]
[SourceTitle "EXT 2024"]
[Source "ChessBase"]
[SourceDate "2023.10.10"]
[SourceVersion "1"]
[SourceVersionDate "2023.10.10"]
[SourceQuality "1"]

1. Nf3 Nf6 2. d4 d5 3. Bf4 e6 4. e3 Be7 5. Nbd2 0-0 6. Bd3 Nbd7 7. h3 c5 8. c3 Re8 9. 0-0 Bf8 10. Rc1 g6 11. e4 dxe4 12. Nxe4 Nxe4 13. Bxe4 Nf6 14. Bb1 Qb6 15. dxc5 Qxb2 16. Be5 Bg7 17. Bxf6 Bxf6 18. Qa4 b5 19. cxb6 Re7 20. Be4 Bb7 21. Rb1 Qe2 22. Rfe1 Bxe4 23. Rxe2 Bxb1 24. Qf4 Kg7 25. Rb2 e5 26. Qa4 Bf5 27. b7 Rb8 28. Qxa7 Ree8 29. a4 Be6 30. a5 Bd5 31. a6 e4 32. Nd4 Be5 33. Qc5 Rbd8 34. a7 Bxb7 35. Rxb7 Rc8 36. Qd5 Rxc3 37. Qxe5+ 1-0

[Event "Buenos Aires Faogba 35th"]
[Site "Buenos Aires"]
[Date "2018.11.??"]
[Round "4.8"]
[White "Biancosino, Rafael"]
[Black "Migliavacca, Carlos"]
[Result "1-0"]
[WhiteElo "2064"]
[BlackElo "1809"]
[PlyCount "31"]
[EventDate "2018.11.13"]
[EventType "swiss"]
[EventRounds "7"]
[EventCountry "ARG"]
[SourceTitle "EXT 2024"]
[Source "ChessBase"]
[SourceDate "2023.10.10"]
[SourceVersion "1"]
[SourceVersionDate "2023.10.10"]
[SourceQuality "1"]

1. e4 c5 2. Nc3 g6 3. f4 Bg7 4. Nf3 Nc6 5. Bc4 e6 6. 0-0 a6 7. a4 Nge7 8. e5 d6 9. exd6 Qxd6 10. Ne4 Qc7 11. d3 Nd4 12. c3 Nxf3+ 13. Qxf3 Rb8 14. f5 gxf5 15. Bf4 Qc6 16. Bxb8 1-0

[Event "Moron Philidor CC op 17th"]
[Site "Moron"]
[Date "2018.09.15"]
[Round "5"]
[White "Navarro, Alberto"]
[Black "Migliavacca, Carlos"]
[Result "0-1"]
[WhiteElo "1733"]
[BlackElo "1835"]
[PlyCount "98"]
[EventDate "2018.09.04"]
[EventType "swiss"]
[EventRounds "6"]
[EventCountry "ARG"]
[SourceTitle "CBM 186 Extra"]
[Source "ChessBase"]
[SourceDate "2018.08.24"]
[SourceVersion "1"]
[SourceVersionDate "2018.08.24"]
[SourceQuality "1"]

1. e4 e6 2. d4 d5 3. exd5 Qxd5 4. Nc3 Bb4 5. Nf3 Nf6 6. Bd2 Bxc3 7. bxc3 0-0 8. Bd3 c5 9. 0-0 b6 10. c4 Qh5 11. dxc5 Bb7 12. cxb6 axb6 13. Ne1 Qc5 14. Be3 Qc6 15. h3 Nbd7 16. Qb1 Ra5 17. Be2 e5 18. f3 Ra3 19. Bd2 e4 20. Qc1 Qc5+ 21. Kh2 e3 22. Nd3 exd2 23. Qb2 Qa5 24. Nb4 Qe5+ 25. Qxe5 Nxe5 26. f4 Nc6 27. Rab1 Nxb4 28. Rxb4 Be4 29. Rd1 Rd8 30. Rxb6 Raa8 31. Rb2 Bc6 32. Bd3 Ne4 33. Rb6 Nf2 34. Rxd2 Nxd3 35. cxd3 Be4 36. d4 Rac8 37. Rb4 g6 38. d5 f5 39. Kg3 Kf8 40. Kf2 Ke7 41. Ke3 Kd6 42. Kd4 Rb8 43. c5+ Kc7 44. d6+ Kc6 45. Rc4 Ra8 46. g4 Bd5 47. Rcc2 Ra4+ 48. Ke3 Ra3+ 49. Rd3 Rxd3+ 0-1

[Event "Moron Amateur-ch"]
[Site "Moron"]
[Date "2018.07.26"]
[Round "6"]
[White "Migliavacca, Carlos"]
[Black "Gonzalez, Luis Federico"]
[Result "1-0"]
[WhiteElo "1854"]
[BlackElo "1642"]
[PlyCount "145"]
[EventDate "2018.07.17"]
[EventType "swiss"]
[EventRounds "7"]
[EventCountry "ARG"]
[SourceTitle "EXT 2019"]
[Source "ChessBase"]
[SourceDate "2018.10.10"]
[SourceVersion "1"]
[SourceVersionDate "2018.10.10"]
[SourceQuality "1"]

1. e4 g6 2. d4 Bg7 3. c3 d6 4. Be3 Nc6 5. Bd3 e5 6. d5 Nce7 7. Ne2 f5 8. f3 Nf6 9. 0-0 f4 10. Bf2 g5 11. Bb5+ Bd7 12. Qa4 a6 13. Bxd7+ Qxd7 14. Qxd7+ Kxd7 15. c4 h5 16. Nd2 Ng6 17. c5 g4 18. c6+ bxc6 19. dxc6+ Kxc6 20. Rac1+ Kd7 21. Rfd1 h4 22. Nc4 Rag8 23. Kf1 g3 24. hxg3 hxg3 25. Bg1 Ne8 26. Rc2 Rh1 27. Nc3 Nh4 28. Nd5 Rh8 29. Na5 Bf6 30. Nc6 Rh5 31. Nb8+ Kc8 32. Nxa6 Bd8 33. Rdc1 Rh7 34. b4 Kb7 35. b5 Ng6 36. a4 Nf8 37. Nab4 Ne6 38. Ke2 Rxg1 39. Rxg1 Nd4+ 40. Kd3 Nxc2 41. Kxc2 Nf6 42. Nc6 Nxd5 43. Nxd8+ Kc8 44. exd5 Kxd8 45. Kd3 Kc8 46. Rc1 Kb7 47. a5 Rh2 48. Rc2 Rh1 49. a6+ Kb6 50. Rc6+ Kxb5 51. a7 Ra1 52. Rxc7 Kb6 53. Rc6+ Kxa7 54. Rxd6 Ra2 55. Ke4 Rxg2 56. Kxe5 Rg1 57. Kxf4 g2 58. Kg3 Kb7 59. Rc6 Rd1 60. Kxg2 Rxd5 61. Rc4 Rd6 62. f4 Rc6 63. Rb4+ Kc7 64. Kf3 Kd7 65. Kg4 Ke6 66. Kg5 Rc1 67. f5+ Kf7 68. Rb7+ Kf8 69. Kg6 Rg1+ 70. Kf6 Ke8 71. Rb8+ Kd7 72. Kf7 Rg2 73. f6 1-0

[Event "Moron Amateur-ch"]
[Site "Moron"]
[Date "2018.07.17"]
[Round "1"]
[White "Granillo, Eloy Hernan"]
[Black "Migliavacca, Carlos"]
[Result "1-0"]
[WhiteElo "1364"]
[BlackElo "1854"]
[PlyCount "119"]
[EventDate "2018.07.17"]
[EventType "swiss"]
[EventRounds "7"]
[EventCountry "ARG"]
[SourceTitle "EXT 2019"]
[Source "ChessBase"]
[SourceDate "2018.10.10"]
[SourceVersion "1"]
[SourceVersionDate "2018.10.10"]
[SourceQuality "1"]

1. e4 e6 2. Nf3 c6 3. d4 d5 4. e5 b6 5. Nc3 Ba6 6. Bd3 Be7 7. Qe2 Bxd3 8. Qxd3 Nd7 9. 0-0 Rc8 10. Ne2 Qc7 11. Bg5 c5 12. c3 cxd4 13. cxd4 f6 14. Rac1 Qb7 15. Bd2 f5 16. Nf4 Kf7 17. a3 Nh6 18. Nh3 Rxc1 19. Rxc1 Re8 20. Nhg5+ Bxg5 21. Nxg5+ Kg8 22. Qc3 Nf8 23. h3 Nf7 24. b4 Nxg5 25. Bxg5 h6 26. Be3 Qf7 27. Qc7 Re7 28. Qc8 f4 29. Bd2 g5 30. b5 Kh7 31. Bb4 Re8 32. Qc7 Kg7 33. Qxf7+ Kxf7 34. Rc7+ Kg6 35. g4 fxg3 36. fxg3 Ra8 37. g4 Nh7 38. Kg2 a6 39. bxa6 Rxa6 40. Re7 b5 41. Bd6 Rc6 42. Rxe6+ Kf7 43. Re7+ Kg8 44. Bc5 Ra6 45. Rb7 h5 46. Rxb5 hxg4 47. hxg4 Rh6 48. a4 Rh4 49. Kg3 Rh1 50. a5 Rg1+ 51. Kh3 Ra1 52. Bb4 Rd1 53. Rxd5 Kf7 54. Rd7+ Ke6 55. Re7+ Kd5 56. Rxh7 Rd3+ 57. Kg2 Ke4 58. e6 Kf4 59. e7 Rg3+ 60. Kh2 1-0

[Event "Buenos Aires Philidor CC Christmas"]
[Site "Buenos Aires"]
[Date "2017.12.??"]
[Round "6.8"]
[White "Serratto, Ricardo Adolfo"]
[Black "Migliavacca, Carlos"]
[Result "0-1"]
[WhiteElo "1630"]
[BlackElo "2006"]
[PlyCount "72"]
[EventDate "2017.12.04"]
[EventType "swiss"]
[EventRounds "6"]
[EventCountry "ARG"]
[SourceTitle "EXT 2024"]
[Source "ChessBase"]
[SourceDate "2023.10.10"]
[SourceVersion "1"]
[SourceVersionDate "2023.10.10"]
[SourceQuality "1"]

1. e4 e6 2. d4 d5 3. Bd3 dxe4 4. Bxe4 Nf6 5. Bd3 Be7 6. Nf3 0-0 7. 0-0 b6 8. c3 Bb7 9. Bf4 Nbd7 10. Nbd2 c5 11. Re1 cxd4 12. Nxd4 Nc5 13. Bc2 Qd5 14. N2f3 Qh5 15. h3 Rad8 16. Re5 Bxf3 17. Qe1 Qh4 18. Bg5 Qh5 19. Bxf6 Bxf6 20. Rxh5 Bxh5 21. g4 Bg6 22. Bxg6 hxg6 23. Rd1 Rd5 24. b4 Na4 25. Ne2 Rxd1 26. Qxd1 Nxc3 27. Nxc3 Bxc3 28. b5 Ba5 29. Qd7 Ra8 30. f4 Bb4 31. Kg2 Kf8 32. Kf3 Bc5 33. a4 Re8 34. Qxa7 Re7 35. Qb8+ Re8 36. Qc7 Re7 0-1

[Event "Moron Philidor CC U2200 15th"]
[Site "Buenos Aires"]
[Date "2017.09.21"]
[Round "6"]
[White "Migliavacca, Carlos"]
[Black "Serratto, Ricardo Adolfo"]
[Result "1-0"]
[WhiteElo "1845"]
[BlackElo "1633"]
[PlyCount "73"]
[EventDate "2017.09.12"]
[EventType "swiss"]
[EventRounds "7"]
[EventCountry "ARG"]
[SourceTitle "CBM 180 Extra"]
[Source "ChessBase"]
[SourceDate "2017.10.06"]
[SourceVersion "1"]
[SourceVersionDate "2017.10.06"]
[SourceQuality "1"]

1. d4 d5 2. c4 dxc4 3. e4 Nf6 4. Nc3 Nc6 5. e5 Nd5 6. Bxc4 Nb6 7. Bb5 Bd7 8. Nge2 a6 9. Bd3 Nb4 10. Be4 Bc6 11. Bxc6+ Nxc6 12. 0-0 e6 13. Be3 Be7 14. Ne4 Nd5 15. Bd2 0-0 16. N2c3 Nxd4 17. Qg4 Nf5 18. Rad1 Nxc3 19. Bxc3 Qe8 20. Nf6+ Bxf6 21. exf6 g6 22. Qf4 Qc6 23. Rd3 h6 24. h4 Kh7 25. Rh3 Nd6 26. Bd2 Nf5 27. g4 e5 28. Qxe5 Rfe8 29. Qc3 Qxc3 30. Bxc3 Nd6 31. Rd3 Re6 32. g5 Rae8 33. Kg2 h5 34. f4 Re2+ 35. Rf2 R2e6 36. Be5 Kg8 37. Rc2 1-0

[Event "Philidor CC op 14th"]
[Site "Moron"]
[Date "2017.07.22"]
[Round "4"]
[White "Ucha, Luis"]
[Black "Migliavacca, Carlos"]
[Result "0-1"]
[WhiteElo "1930"]
[BlackElo "1876"]
[PlyCount "44"]
[EventDate "2017.07.18"]
[EventType "swiss"]
[EventRounds "7"]
[EventCountry "ARG"]
[SourceTitle "EXT 2019"]
[Source "ChessBase"]
[SourceDate "2018.10.10"]
[SourceVersion "1"]
[SourceVersionDate "2018.10.10"]
[SourceQuality "1"]

1. e4 e6 2. d4 d5 3. Nd2 Nf6 4. e5 Nfd7 5. Bd3 c5 6. c3 Nc6 7. Ne2 Be7 8. 0-0 Qb6 9. Nf3 f6 10. Nf4 fxe5 11. Nxe6 e4 12. Nxg7+ Kf7 13. Bh6 exf3 14. Qxf3+ Nf6 15. Nf5 Bxf5 16. Qxf5 cxd4 17. Rae1 Nd8 18. c4 Qd6 19. cxd5 Rg8 20. Be2 Qxd5 21. Bh5+ Rg6 22. Re5 Qxg2# 0-1

[Event "Philidor CC op 14th"]
[Site "Moron"]
[Date "2017.07.18"]
[Round "1"]
[White "Migliavacca, Carlos"]
[Black "Brenta, Claudio"]
[Result "1-0"]
[WhiteElo "1876"]
[BlackElo "1533"]
[PlyCount "75"]
[EventDate "2017.07.18"]
[EventType "swiss"]
[EventRounds "7"]
[EventCountry "ARG"]
[SourceTitle "EXT 2019"]
[Source "ChessBase"]
[SourceDate "2018.10.10"]
[SourceVersion "1"]
[SourceVersionDate "2018.10.10"]
[SourceQuality "1"]

1. d4 d5 2. Nf3 Bg4 3. Nbd2 Nd7 4. g3 e6 5. Bg2 Be7 6. 0-0 Ngf6 7. c4 c6 8. b3 Qc7 9. Bb2 0-0 10. Rc1 Qa5 11. a3 Ne4 12. b4 Qd8 13. Nb3 Nb6 14. Na5 Rb8 15. Ne5 Bf5 16. f3 Nf6 17. h4 Nbd7 18. g4 Bg6 19. h5 Bxh5 20. gxh5 Nxh5 21. f4 Nxe5 22. dxe5 Bg5 23. e3 Ng3 24. Rf3 Bh4 25. Bc3 g5 26. Be1 Ne4 27. Bxh4 gxh4 28. Rh3 Kh8 29. Bxe4 Rg8+ 30. Bg2 Rg3 31. Rxg3 hxg3 32. Qg4 Qe7 33. Qxg3 Rg8 34. Qh3 f6 35. cxd5 exd5 36. Qf5 Rf8 37. Nxc6 Qg7 38. Nd4 1-0

[Event "Moron Philidor CC 13th"]
[Site "Moron"]
[Date "2017.05.16"]
[Round "5.9"]
[White "Migliavacca, Carlos"]
[Black "Rodriguez, Julio"]
[Result "1-0"]
[WhiteElo "1839"]
[BlackElo "1700"]
[PlyCount "93"]
[EventDate "2017.05.09"]
[EventType "swiss"]
[EventRounds "7"]
[EventCountry "ARG"]
[SourceTitle "EXT 2024"]
[Source "ChessBase"]
[SourceDate "2023.10.10"]
[SourceVersion "1"]
[SourceVersionDate "2023.10.10"]
[SourceQuality "1"]

1. e4 c5 2. Nc3 d6 3. g3 Nf6 4. Bg2 e6 5. d3 Be7 6. f4 Nc6 7. Nf3 Nd4 8. Be3 Nxf3+ 9. Bxf3 Rb8 10. a4 Bd7 11. a5 Bc6 12. 0-0 0-0 13. Qd2 Nd7 14. d4 cxd4 15. Bxd4 Bf6 16. Bxf6 Nxf6 17. Rfd1 Qc7 18. Qxd6 Qc8 19. Kf2 Ne8 20. Qc5 Nc7 21. Qxa7 Rd8 22. Rxd8+ Qxd8 23. Rd1 Qe8 24. Qd4 f5 25. Qe5 Qf7 26. Rd6 Re8 27. b4 fxe4 28. Nxe4 Nb5 29. Ng5 Qg6 30. Rd2 h6 31. Bxc6 bxc6 32. Nf3 Rf8 33. Nd4 Nxd4 34. Qxd4 Qh5 35. Kg2 Qg6 36. Re2 Qg4 37. Qe4 Kh8 38. Qxe6 Qh5 39. Qe5 Qg6 40. Qe6 Qh5 41. Qe5 Qf7 42. Qe6 Qh5 43. h3 Qb5 44. c3 Rd8 45. f5 Rf8 46. Qe5 Rf6 47. Qxb5 1-0

[Event "Moron Philidor CC 13th"]
[Site "Moron"]
[Date "2017.05.11"]
[Round "2.3"]
[White "Migliavacca, Carlos"]
[Black "Herrera, Pablo"]
[Result "0-1"]
[WhiteElo "1839"]
[BlackElo "2071"]
[PlyCount "108"]
[EventDate "2017.05.09"]
[EventType "swiss"]
[EventRounds "7"]
[EventCountry "ARG"]
[SourceTitle "EXT 2024"]
[Source "ChessBase"]
[SourceDate "2023.10.10"]
[SourceVersion "1"]
[SourceVersionDate "2023.10.10"]
[SourceQuality "1"]

1. e4 d6 2. d4 Nf6 3. Bd3 c6 4. Ne2 Nbd7 5. 0-0 e5 6. c3 Be7 7. Nd2 0-0 8. Ng3 Nb6 9. a4 a5 10. b3 Qc7 11. Bb2 Be6 12. Rc1 Rad8 13. c4 exd4 14. Bxd4 Nbd7 15. f4 Bg4 16. Qe1 Nc5 17. Bc2 Bc8 18. Qf2 Ng4 19. Qf3 Nh6 20. h3 Nd7 21. Qd3 Nc5 22. Qe3 f6 23. Nf3 Rde8 24. Qf2 Kh8 25. Be3 Na6 26. Bb6 Qb8 27. Bxa5 f5 28. Bd2 fxe4 29. Nxe4 d5 30. cxd5 cxd5 31. Ng3 Bc5 32. Nd4 Qa7 33. Bc3 Nb4 34. Kh2 Na2 35. Bb2 Nxc1 36. Rxc1 Bd7 37. Qd2 Bxd4 38. Bxd4 Qb8 39. Be5 Rxe5 40. fxe5 Qxe5 41. Re1 Qd6 42. Qg5 Nf7 43. Qh5 g6 44. Qh4 Kg8 45. Kh1 Re8 46. Rxe8+ Bxe8 47. Qg4 Bd7 48. Qf3 Kg7 49. Qd3 Qe5 50. Ne2 Bf5 51. Qd2 Nd6 52. Bxf5 Nxf5 53. Nf4 Ng3+ 54. Kg1 Qa1+ 0-1

[Event "Moron Philidor CC 13th"]
[Site "Moron"]
[Date "2017.05.09"]
[Round "1.16"]
[White "Arellano Becerra, Kleber Alberto"]
[Black "Migliavacca, Carlos"]
[Result "0-1"]
[WhiteElo "1484"]
[BlackElo "1839"]
[PlyCount "131"]
[EventDate "2017.05.09"]
[EventType "swiss"]
[EventRounds "7"]
[EventCountry "ARG"]
[SourceTitle "EXT 2024"]
[Source "ChessBase"]
[SourceDate "2023.10.10"]
[SourceVersion "1"]
[SourceVersionDate "2023.10.10"]
[SourceQuality "1"]

1. c4 Nf6 2. d4 e6 3. Nc3 Bb4 4. Qc2 c5 5. e3 0-0 6. Nf3 Nc6 7. Be2 d5 8. a3 Bxc3+ 9. bxc3 b6 10. 0-0 cxd4 11. Nxd4 Na5 12. cxd5 exd5 13. c4 Bb7 14. Bd2 Nxc4 15. Bxc4 Rc8 16. Bb4 Rxc4 17. Qb3 Re8 18. Rac1 Qc8 19. Rxc4 dxc4 20. Qa2 a5 21. Bc3 Ne4 22. Rc1 Ba6 23. f3 Nc5 24. e4 Nd3 25. Rb1 Qc5 26. Kf1 Rd8 27. Nf5 f6 28. Rd1 Kf7 29. Rd2 g6 30. Nh6+ Ke7 31. Ng4 Rd6 32. Qa1 Qc6 33. Ne3 Kf7 34. Nd5 Re6 35. h3 Nc5 36. Qa2 Nb3 37. Rd1 b5 38. Qf2 Nc5 39. Bxa5 c3 40. Bxc3 b4+ 41. Kg1 bxc3 42. Nxc3 Nd3 43. Qa7+ Re7 44. Qd4 Nf4 45. Qe3 Qc7 46. g3 Ne6 47. f4 Qa7 48. Qxa7 Rxa7 49. Nd5 Bb7 50. Rd3 Bxd5 51. exd5 Nc5 52. Rc3 Nd7 53. g4 Ke7 54. Kf2 Kd6 55. f5 g5 56. Kg3 Kxd5 57. h4 Nc5 58. Kh3 Kd4 59. Rf3 h6 60. hxg5 hxg5 61. Rg3 Nd3 62. Rg1 Nf4+ 63. Kh2 Rxa3 64. Rd1+ Ke4 65. Rd6 Kf3 66. Rd1 0-1

[Event "Moron Philidor CC U2200"]
[Site "Moron"]
[Date "2016.09.24"]
[Round "7"]
[White "Edgar, Roberto"]
[Black "Migliavacca, Carlos"]
[Result "1-0"]
[WhiteElo "1939"]
[BlackElo "1814"]
[PlyCount "51"]
[EventDate "2016.09.13"]
[EventType "swiss"]
[EventRounds "7"]
[EventCountry "ARG"]
[SourceTitle "CBM 174 Extra"]
[Source "ChessBase"]
[SourceDate "2016.10.10"]
[SourceVersion "1"]
[SourceVersionDate "2016.10.10"]
[SourceQuality "1"]

1. e4 c5 2. Nf3 d6 3. Bb5+ Bd7 4. Bxd7+ Nxd7 5. 0-0 Ngf6 6. Re1 e5 7. c3 Be7 8. d4 0-0 9. Nbd2 Qc7 10. Nf1 Rfe8 11. Ng3 g6 12. Bh6 Bf8 13. Qd2 Bg7 14. Bxg7 Kxg7 15. Qg5 Kh8 16. h3 Qd8 17. Rad1 Ng8 18. dxe5 dxe5 19. Rd5 f6 20. Qd2 Re7 21. Rd1 Qb6 22. Rxd7 Ree8 23. Qd5 Re7 24. Rxe7 Nxe7 25. Qf7 Qc7 26. Qxf6+ 1-0

[Event "Moron Philidor CC U2200"]
[Site "Moron"]
[Date "2016.09.17"]
[Round "4"]
[White "Migliavacca, Carlos"]
[Black "Sapienza, Julian"]
[Result "0-1"]
[WhiteElo "1814"]
[BlackElo "2085"]
[PlyCount "60"]
[EventDate "2016.09.13"]
[EventType "swiss"]
[EventRounds "7"]
[EventCountry "ARG"]
[SourceTitle "CBM 174 Extra"]
[Source "ChessBase"]
[SourceDate "2016.10.10"]
[SourceVersion "1"]
[SourceVersionDate "2016.10.10"]
[SourceQuality "1"]

1. d4 Nf6 2. c4 d5 3. Nc3 dxc4 4. e4 e5 5. d5 b5 6. Bg5 Bc5 7. Bxf6 Qxf6 8. Qf3 Qb6 9. a4 Qa5 10. Qg3 0-0 11. Qxe5 Nd7 12. Qf4 Nf6 13. f3 Re8 14. Qd2 b4 15. Nd1 Nxe4 16. fxe4 Rxe4+ 17. Be2 Bxg1 18. Kf1 Bb6 19. Bf3 Rd4 20. Qg5 Ba6 21. g3 c3+ 22. Kg2 Rd2+ 23. Kh3 h6 24. Qf4 Rxd5 25. Bxd5 Qxd5 26. Nxc3 bxc3 27. bxc3 Qh5+ 28. Qh4 Bc8+ 29. g4 Bxg4+ 30. Kg3 Bf2+ 0-1

[Event "Buenos Aires U2200"]
[Site "Buenos Aires"]
[Date "2015.10.27"]
[Round "5.9"]
[White "Migliavacca, Carlos"]
[Black "Quiroga, Luis Alberto"]
[Result "1/2-1/2"]
[WhiteElo "1919"]
[BlackElo "1858"]
[PlyCount "37"]
[EventDate "2015.10.20"]
[EventType "swiss"]
[EventRounds "7"]
[EventCountry "ARG"]
[SourceTitle "EXT 2024"]
[Source "ChessBase"]
[SourceDate "2023.10.10"]
[SourceVersion "1"]
[SourceVersionDate "2023.10.10"]
[SourceQuality "1"]

1. e4 c6 2. d4 d5 3. Nc3 dxe4 4. Nxe4 Bf5 5. Ng3 Bg6 6. Nf3 Nd7 7. h4 h6 8. h5 Bh7 9. Bd3 Bxd3 10. Qxd3 e6 11. c4 Bb4+ 12. Bd2 Bxd2+ 13. Nxd2 Ngf6 14. Rd1 0-0 15. 0-0 Qa5 16. a3 Nxh5 17. b4 Qg5 18. Nf3 Qg4 19. Nh2 1/2-1/2

[Event "Castelar op 1st"]
[Site "Castelar"]
[Date "2002.05.28"]
[Round "2"]
[White "Medina, Sergio"]
[Black "Migliavacca, Carlos"]
[Result "1-0"]
[WhiteElo "1985"]
[BlackElo "1912"]
[PlyCount "81"]
[EventDate "2002.05.20"]
[EventType "swiss"]
[EventRounds "7"]
[EventCountry "ARG"]
[SourceTitle "EXT 2005"]
[Source "ChessBase"]
[SourceDate "2004.11.15"]
[SourceVersion "1"]
[SourceVersionDate "2004.11.15"]
[SourceQuality "1"]

1. d4 Nf6 2. c4 e6 3. Nc3 Bb4 4. e3 c5 5. Bd3 0-0 6. Nf3 d6 7. 0-0 Nbd7 8. Nb5 a6 9. Nxd6 cxd4 10. Nxc8 dxe3 11. a3 exf2+ 12. Kh1 Bc5 13. b4 Rxc8 14. bxc5 Nxc5 15. Be2 Nce4 16. Bb2 Ng4 17. Qb3 Nxh2 18. Kxh2 Rc5 19. g3 Rh5+ 20. Kg2 Qc7 21. Nh4 Rg5 22. g4 f5 23. Qe3 h5 24. Rxf2 hxg4 25. Rf4 Rh5 26. Rh1 Ng5 27. Qe5 Qc6+ 28. Kg3 Rf6 29. Rd1 Rxh4 30. Kxh4 Qg2 31. Kxg5 Qh2 32. Qxf6 gxf6+ 33. Bxf6 Qxe2 34. Rd8+ Kf7 35. Rd7+ Ke8 36. Re7+ Kf8 37. Rd4 Qe3+ 38. Kg6 Qxd4 39. Rf7+ Ke8 40. Bxd4 g3 41. Kf6 1-0